000 00510nam a2200181Ia 4500
005 20250508162434.0
008 008 250505s9999 xx 000 0 eng d
037 _aTextual
040 _aFEDL
_beng
_cFEDL
041 _aeng
_2eng
084 _a294.5, SHA
_qFEDL
100 _aSharma Pushpendra Kumar Ed.
245 0 _aHindu religion and ethics
260 _aNew Delhi, India
_bAsian Publication Services
_c1979
300 _a402p.
942 _cTEXL
_h294.5, SHA
999 _c1376548
_d1376548